Central Library OPAC University of Rajshahi

Islam in East Africa / (Record no. 32758)

MARC details
000 -LEADER
fixed length control field 00734cam a22002532 4500
001 - CONTROL NUMBER
control field 32758
003 - CONTROL NUMBER IDENTIFIER
rucl marc code BD-RjUL
005 - DATE AND TIME OF LATEST TRANSACTION
control field 20211209051905.0
008 - FIXED-LENGTH DATA ELEMENTS--GENERAL INFORMATION
fixed length control field 140428t1954 enk b 001 0 eng d
035 ## - SYSTEM CONTROL NUMBER
System control number (BD-RjUL)32848
040 ## - CATALOGING SOURCE
Original cataloging agency DLC
Transcribing agency EXC
Modifying agency EXC
-- OCL
-- EQO
-- BD-RjUL
Language of cataloging eng
041 ## - LANGUAGE CODE
Language code of text/sound track or separate title eng
082 04 - DEWEY DECIMAL CLASSIFICATION NUMBER
Classification number 297
Author mark and year HAI 1954
100 1# - MAIN ENTRY--PERSONAL NAME
Personal name Harries, Lyndon.
9 (RLIN) 99606
245 10 - TITLE STATEMENT
Title Islam in East Africa /
Statement of responsibility, etc. by Lyndon Harries.
260 ## - PUBLICATION, DISTRIBUTION, ETC. (IMPRINT)
Place of publication, distribution, etc. London :
Name of publisher, distributor, etc. Universities' Mission to Central Africa,
Date of publication, distribution, etc. 1954.
300 ## - PHYSICAL DESCRIPTION
Pagination 92 p. ;
Size 19 cm.
504 ## - BIBLIOGRAPHY, ETC. NOTE
Bibliography, etc Includes bibliographical references and index.
650 #0 - SUBJECT ADDED ENTRY--TOPICAL TERM
Topical term or geographic name as entry element Muslims
Geographic subdivision Africa, East.
9 (RLIN) 99607
Topical term or geographic name as entry element Islam.
9 (RLIN) 99608
942 ## - ADDED ENTRY ELEMENTS (KOHA)
Source of classification or shelving scheme Dewey Decimal Classification
Koha item type Books
Holdings
Lost status Source of classification or shelving scheme Damaged status Not for loan Collection code Permanent Location Current Location Shelving location Date acquired Source of acquisition Cost, normal purchase price Total Checkouts Full call number Date last seen Copy number Koha item type
  Dewey Decimal Classification   Not For Loan Non-fiction Central Library, University of Rajshahi Central Library, University of Rajshahi Reading Room 31/01/1963 Euro Pak. 0.00   297 HAI 1954 28/04/2014 C-1 Books
  Dewey Decimal Classification   Not For Loan Non-fiction Central Library, University of Rajshahi Central Library, University of Rajshahi   28/04/2014       297 HAI 1954 28/04/2014 C-2 Books